000 00934nam a2200301Ia 4500
003 OSt
005 20221007124808.0
006 a|||||r|||| 00| 0
007 ta
008 221006b |||||||| |||| 00| 0 eng d
020 _a9781107063884 (hbk)
024 _a195257
037 _cTextual
040 _aCDL
_cCDL
_beng
041 _2eng
_aeng
082 _aE:2, Q5;15-;16 Carc
100 _aKakkar Rita
_9524763
245 0 _aAtomic and molecular spectroscopy: Basic concepts and applications
260 _aDelhi
_bCambridge University
_c2015
300 _axx, 415p. ill.
_ccm.
500 _aAppendix 397-402p.; Bibliography 403-404p.; Index 405-415p.
650 _a Atomic spectroscopy
650 _a Raman effect
_9716126
650 _a Vibrational spectroscopy
650 _aElectronic spectroscopy
942 _hE:2, Q5;15-;16 Carc
_cTEXL
_2CC
999 _c1214138
_d1214138